Mathematical foundations for management science and systems analysis (Record no. 82723)

MARC details
000 -LEADER
fixed length control field 01202nam a2200229 a 4500
008 - FIXED-LENGTH DATA ELEMENTS--GENERAL INFORMATION
fixed length control field 060316s1974 ||||||||||||||||| || u
020 ## - INTERNATIONAL STANDARD BOOK NUMBER
International Standard Book Number 0126270503
050 ## - LIBRARY OF CONGRESS CALL NUMBER
Classification number T 57.6 Sch
100 ## - MAIN ENTRY--PERSONAL NAME
Personal name Schmidt, J. William
245 10 - TITLE STATEMENT
Title Mathematical foundations for management science and systems analysis
260 ## - PUBLICATION, DISTRIBUTION, ETC.
Place of publication, distribution, etc. New York :
Name of publisher, distributor, etc. Academic Press
Date of publication, distribution, etc. 1974
300 ## - PHYSICAL DESCRIPTION
Extent xiii, 581 p. illus.
350 ## -
-- 0.00
490 ## -
-- Operations research and industrial engineering
500 ## - GENERAL NOTE
General note Includes bibliographies.
650 #0 - SUBJECT ADDED ENTRY--TOPICAL TERM
Topical term or geographic name entry element OPERATIONS RESEARCH
650 ## - SUBJECT ADDED ENTRY--TOPICAL TERM
Topical term or geographic name entry element SYSTEMS ANALYSIS
995 ## -
-- ANNEX COLLECTION (Main Library)
-- 0.00
-- 720245
-- CBU-MAIN LIBRARY (Kitwe)
-- 2
-- 7.90
-- T 57.6 Sch
-- 2
-- AVAILABLE
-- 014351
-- Annex Low-Usage Collection
995 ## -
-- ANNEX COLLECTION (Main Library)
-- 0.00
-- 705594
-- CBU-MAIN LIBRARY (Kitwe)
-- 4
-- 7.90
-- T 57.6 Sch
-- 3
-- AVAILABLE
-- 014352
-- Annex Low-Usage Collection
995 ## -
-- ANNEX COLLECTION (Main Library)
-- 0.00
-- 705593
-- CBU-MAIN LIBRARY (Kitwe)
-- 3
-- 7.90
-- T 57.6 Sch
-- 4
-- AVAILABLE
-- 014353
-- Annex Low-Usage Collection
995 ## -
-- ANNEX COLLECTION (Main Library)
-- 0.00
-- 716345
-- CBU-MAIN LIBRARY (Kitwe)
-- 1
-- 7.90
-- T 57.6 Sch
-- 1
-- AVAILABLE
-- 014350
-- Annex Low-Usage Collection
999 ## -
-- 82723
-- 82723
Holdings
Withdrawn status Lost status Source of classification or shelving scheme Damaged status Not for loan Permanent Location Current Location Shelving location Date acquired Total Checkouts Full call number Barcode Date last seen Copy number Price effective from Koha item type
          CBU-MAIN LIBRARY, KITWE. CBU-MAIN LIBRARY, KITWE.   09/29/2023   T 57.6 Sch 014351 09/29/2023 1 09/29/2023 MONOGRAPH
Withdrawn         CBU-MAIN LIBRARY, KITWE. CBU-MAIN LIBRARY, KITWE.   09/29/2023   T 57.6 Sch 014352 09/29/2023 2 09/29/2023 MONOGRAPH
          CBU-MAIN LIBRARY, KITWE. CBU-MAIN LIBRARY, KITWE.   09/29/2023   T 57.6 Sch 014353 09/29/2023 3 09/29/2023 MONOGRAPH
Withdrawn         CBU-MAIN LIBRARY, KITWE. CBU-MAIN LIBRARY, KITWE.   09/29/2023   T 57.6 Sch 014350 09/29/2023 4 09/29/2023 MONOGRAPH